Systém riadenia logistiky

Uložené v:
Podrobná bibliografia
Hlavný autor: Shtepa, Artem (Autor)
Ďalší autori: Kataieva, Yevheniia (Vedúci práce)
Médium: Rukopis Kniha
Jazyk:Slovak
Vydavateľské údaje: 2025
Predmet:
On-line prístup:http://is.stuba.sk/zp/portal_zp.pl?podrobnosti=171225
Tagy: Pridať tag
Žiadne tagy, Buďte prvý, kto otaguje tento záznam!

MARC

LEADER 00000ntm a22000003a 4500
001 stuzp96962
003 SK-STU
005 20250614210359.3
007 ta
008 150427s2015----xo-----f-mn---000-0-slo-d
040 |a STU  |b slo 
041 0 |a slo 
100 1 |a Shtepa, Artem  |u 070200  |4 aut  |U FIIT Fakulta informatiky a informačných technológií  |T FIIT Ústav informatiky, informačných systémov a softvérového inžinierstva  |X 117034  |U I200  |Y 179  |7 117034 
242 0 1 |a Logistics Management System  |y eng 
245 1 0 |a Systém riadenia logistiky 
260 |c 2025 
650 4 |a Web application  |2 eng 
650 4 |a Management system  |2 eng 
650 4 |a Logistics  |2 eng 
650 4 |a Systém riadenia  |2 slo 
650 4 |a Logistika  |2 slo 
650 4 |a Webová aplikácia  |2 slo 
700 1 |a Kataieva, Yevheniia  |4 ths  |X 119627  |7 119627 
856 4 |u http://is.stuba.sk/zp/portal_zp.pl?podrobnosti=171225